000 00719nam a22002177a 4500
999 _c13952
_d13952
003 AR-CdUCM
008 190417b ||||| |||| 00| 0 spa d
040 _aMUNICIPALIDAD PROVINCIAL DEL CUSCO
_cBIBLIOTECA MUNICIPAL DEL CUSCO
082 _a869.50 /
_bF84
100 _aFrisancho Pineda, Samuel B.
_932124
245 _aAntologia de los poetas puneños /
260 _aPuno :
_bLos andes,
300 _a69 paginas ;
_bilustraciones, graficos, dibujos,
_c21 cm.
500 _aDonación de la familia Nieto Dedicatoria a Luis Nieto Poesias puneñas
650 _aPoesias
_95433
650 _aLiteratura
_983
650 _aSiglo XIX
_9971
650 _aPerú
_935
942 _2ddc
_cLIBROS
945 _apjha
_d2019-04-17